| 000 | 01164nam a2200325Ia 4500 | ||
|---|---|---|---|
| 003 | OSt | ||
| 005 | 20221007123841.0 | ||
| 006 | a|||||r|||| 00| 0 | ||
| 007 | ta | ||
| 008 | 221006b |||||||| |||| 00| 0 eng d | ||
| 020 |
_a8177581309 (pbk) _cRs.425 |
||
| 024 | _a80349 | ||
| 037 |
_b142/07-08, 17/12/2007, N R Book Distributors _cTextual |
||
| 040 |
_aCDL _cCDL _beng |
||
| 041 |
_2eng _aeng |
||
| 082 | _aE1:1, L2;N3;12 Carc | ||
| 100 |
_aHuheey James E _9717987 |
||
| 245 | 0 |
_aInorganic chemistry: principles of structure and reactivity _b Keiter Ellen A Keiter Richard L Medhi Okhil K |
|
| 250 | _a4 | ||
| 260 |
_aDelhi _bPearson Education _c2006 |
||
| 300 |
_axviii, 808p. _ccm. |
||
| 500 | _aAppendix A-I, 705-794p.; Index 795-808p. | ||
| 650 |
_a Inorganic chemistry _9185095 |
||
| 650 | _aChemistry | ||
| 700 |
_a Keiter Ellen A _9717988 |
||
| 700 |
_a Keiter Richard L _9717989 |
||
| 700 |
_a Medhi Okhil K _9717990 |
||
| 942 |
_hE1:1, L2;N3;12 Carc _cTEXL _2CC |
||
| 999 |
_c1212565 _d1212565 |
||